| 000 | 00925nam a2200229Ii 4500 | ||
|---|---|---|---|
| 003 | JO-AjNU | ||
| 008 | 230605s9999||||xx |||||||||||||| ||und|| | ||
| 017 | _a2005/8/1888 | ||
| 020 | _a9957-19-010-5 | ||
| 040 |
_aJO-AjNU _bara _erda _cJO-AjNU |
||
| 041 | _aara | ||
| 050 | 1 | 4 | _aHN661 .A8.Q29 2005 |
| 100 | 3 |
_aالشرع، منذر ....واخرون ؛ مراجعة وتقديم منذر واصف المصري, _eauthor _946298 |
|
| 245 | 0 | 0 | _aقواعد وآفاق التحديث في الاردن |
| 250 | _aط1 | ||
| 264 | 3 | 1 | _aعمان، بيروت: مؤسسة عبدالحميد شومان، المؤسسة العربية للدراسات والنشر، 2000 |
| 300 |
_a236ص _bيحتوي على ببلوغرافية من 235-236ص |
||
| 336 |
_atext _btxt _2rdacontent |
||
| 337 |
_aunmediated _bn _2rdamedia |
||
| 338 |
_avolume _bnc _2rdacarrier |
||
| 650 | 4 |
_aالاردن - أحوال اقتصادية _946299 |
|
| 999 |
_aA20130 _c23698 _d23698 |
||